Johor, 1855-1957 : local history, local landscapes

Bibliographic Details
Main Author: Lim, Patricia Pui Huen
Format: Book
Language:English
Published: Singapore : Straits Times Press , 2009
Subjects:

MARC

LEADER 00000cam a2200000 7i4500
001 0000026944
005 20160930.0
008 160929 si eng
020 |a 9789814266260 
040 |a INS 
090 0 0 |a D598.J7   |b L56 2009 
100 1 |a Lim, Patricia Pui Huen 
245 1 0 |a Johor, 1855-1957 :   |b local history, local landscapes   |c P. Lim Pui Huen 
260 |a Singapore :   |b Straits Times Press ,   |c 2009 
300 |a 240p. :   |b pic, maps ;   |c 26 cm. 
500 |a Includes index 
504 |a Includes bibliographical references: p. 233 
651 0 |a Johor   |x Economic conditions 
651 0 |a Johor   |x History   |y 21st century 
651 0 |a Johor   |x Social conditions 
999 |a 0000024228   |b BOOK   |c Open Shelf   |e Default branch